Nové poňatie práce, zamestnanosti a sociálneho štátu

Salvato in:
Dettagli Bibliografici
Autore principale: Kvapilová, Erika
Natura: Libro
Lingua:slovacco
Pubblicazione: Bratislava Prognostický ústav SAV 1996
Edizione:1. vyd.
Serie:Pracovné materiály č. 11
Soggetti:
Tags: Aggiungi Tag
Nessun Tag, puoi essere il primo ad aggiungerne!!

MARC

LEADER 00000nam a2200000 4500
001 c018721
005 20221214071446.0
041 0 |a slo 
044 |a SK 
245 1 0 |a Nové poňatie práce, zamestnanosti a sociálneho štátu  |c Erika Kvapilová 
250 |a 1. vyd. 
264 1 |a Bratislava  |b Prognostický ústav SAV  |c 1996 
300 |a 41 s. 
490 1 |a Pracovné materiály  |v č. 11 
830 0 |a Pracovné materiály  |v č. 11 
610 2 0 |a práca 
610 2 0 |a zamestnanosť 
610 2 0 |a nezamestnanosť 
610 2 0 |a zabezpečenie sociálne 
100 1 |a Kvapilová, Erika